Estadística y econometría /

Contenido: Introducción; Estadística descriptiva; Probabilidad y distribuciones de probabilidad; Inferencia estadística: estimación; Inferencia estadística: contrastación de hipótesis; Análisis de regresión simple; Análisis de regresión múltiple; Más técnicas y aplicaciones del análisis de regresión...

Celý popis

Uloženo v:
Podrobná bibliografie
Hlavní autor: Salvatore, Dominick (autor)
Další autoři: Reagle, Derrick (autor) (autor)
Médium: Kniha
Jazyk:španělština
Vydáno: Madrid, España : McGraw-Hill, 2004, c2004
Edice:(Schaum)
Témata:
Tagy: Přidat tag
Žádné tagy, Buďte první, kdo vytvoří štítek k tomuto záznamu!

MARC

LEADER 00000nam^a2200000^a^4500
001 000181933
005 20250521000000.0
009 20260310101950.31
020 |a 84-481-2995-4 
037 |a Acervo ITESO - Biblioteca 
041 |a ESP 
082 |a 330. 015195  |b SAL 
100 |a Salvatore, Dominick  |e (autor) 
245 1 0 |a Estadística y econometría /  |c D. Salvatore, D. Reagle ; tr. por Yago Moreno. 
264 4 |a Madrid, España :  |b McGraw-Hill,  |c 2004, c2004 
300 |a IX, 357 p. 
336 |a texto  |b txt  |2 rdacontenido 
337 |a sin mediación  |b n  |2 rdamedio 
338 |a volumen  |b nc  |2 rdasoporte 
440 1 |a (Schaum) 
500 |a Traducción de: Schaums's Outline of Theory and Problems of Statistics and Econometrics 
520 |a Contenido: Introducción; Estadística descriptiva; Probabilidad y distribuciones de probabilidad; Inferencia estadística: estimación; Inferencia estadística: contrastación de hipótesis; Análisis de regresión simple; Análisis de regresión múltiple; Más técnicas y aplicaciones del análisis de regresión; Problemas en el análisis de regresión; Modelos con ecuaciones simultáneas; Métodos de series temporales; Programas informáticos de econometría. Examen de econometría. 
590 |a Traducción de la 2a edición en inglés 
649 |a XX 
650 |a Análisis de Regresión 
650 |a Estadística 
650 |a Econometría 
650 |a Economía -  |x Metodología 
700 |a Reagle, Derrick  |e (autor) 
910 |a Fondo General 
920 |a Impresos - Libros 
930 |a Colección General 
905 |a 101 
901 |a 0500121921  |b IT1  |c ACC  |u 20250521 
902 |a https://opac.biblio.iteso.mx/vufind/Record/000181933